LEADER 01813nam 2200349 450 001 9910683365903321 005 20230703100308.0 010 $a3-0365-7105-1 035 $a(CKB)5700000000354573 035 $a(NjHacI)995700000000354573 035 $a(EXLCZ)995700000000354573 100 $a20230703d2023 uy 0 101 0 $aeng 135 $aur||||||||||| 181 $ctxt$2rdacontent 182 $cc$2rdamedia 183 $acr$2rdacarrier 200 00$aDynamic Modeling and Simulation for Control Systems /$fedited by Adrian Olaru 210 1$aBasel :$cMDPI - Multidisciplinary Digital Publishing Institute,$d2023. 215 $a1 online resource (242 pages) 311 $a3-0365-7104-3 330 $aThis book contains all the articles published in the Special Issue "Dynamic Modeling and Simulation for Control Systems" from the MDPI Mathematics journal. This Special Issue aims to cover important aspects of how to optimize the dynamic behavior of physical systems using special algorithms and artificial intelligence in the modeling, simulation, and optimization of components and systems from important fields such as astronautics, aerospace, avionics, robotics, manufacturing ing systems, mechanical engineering, power energy, materials technology, and neurorehabilitation. It is our hope that this Special Issue will contribute to the research on techniques for the modeling, simulation, and optimization of control systems in dynamic systems. 606 $aControl theory$xMathematical models 615 0$aControl theory$xMathematical models. 676 $a515.642 702 $aOlaru$b Adrian 801 0$bNjHacI 801 1$bNjHacl 906 $aBOOK 912 $a9910683365903321 996 $aDynamic Modeling and Simulation for Control Systems$93086502 997 $aUNINA LEADER 01199cam--2200373---450- 001 990005777600203316 005 20121108124714.0 010 $a978-88-04-62252-9 035 $a000577760 035 $aUSA01000577760 035 $a(ALEPH)000577760USA01 035 $a000577760 100 $a20121108d2011----km-y0itay50------ba 101 0 $aita 102 $aIT 105 $aaf||||||001yy 200 1 $aQuelli che dissero no$e8 settembre 1943$ela scelta degli italiani nei campi di prigionia inglesi e americani$fArrigo Petacco 210 $aMilano$cMondadori$d2011 215 $a172 p., [4] carte di tav.$cill.$d23 cm 225 2 $aOscar storia 410 0$12001$aOscar storia 516 1 $aQuelli che dissero no 606 0 $aPrigionieri italiani$xColonie inglesi [e] Stati Uniti d'America$z1943-1945$2BNCF 676 $a940.547241 700 1$aPETACCO,$bArrigo$0151914 801 0$aIT$bsalbc$gISBD 912 $a990005777600203316 951 $aX.3.B. 6663$b238880 L.M.$cX.3.$d00317286 959 $aBK 969 $aUMA 979 $aPASSARO$b90$c20121108$lUSA01$h1245 979 $aPASSARO$b90$c20121108$lUSA01$h1247 996 $aQuelli che dissero no$9826431 997 $aUNISA